Britain across the seas : (Record no. 13415)
[ view plain ]
| 000 -LEADER | |
|---|---|
| fixed length control field | 00703nam a22002052 4500 |
| 001 - CONTROL NUMBER | |
| control field | 0000011924 |
| 005 - DATE AND TIME OF LATEST TRANSACTION | |
| control field | 20151217155848.0 |
| 008 - FIXED-LENGTH DATA ELEMENTS--GENERAL INFORMATION | |
| fixed length control field | 090121s xx 000 0 eng d |
| 040 ## - CATALOGING SOURCE | |
| Original cataloging agency | KABU |
| Transcribing agency | KABU |
| 100 1# - MAIN ENTRY--PERSONAL NAME | |
| Personal name | Johnston, Harry, Sir. |
| -- | 0000149421 |
| 245 10 - TITLE STATEMENT | |
| Title | Britain across the seas : |
| Remainder of title | Africa, a history and description of the British Empire in Africa / |
| Statement of responsibility, etc. | Sir Harry Johnston. |
| 250 ## - EDITION STATEMENT | |
| Edition statement | 1st ed. |
| 260 ## - PUBLICATION, DISTRIBUTION, ETC. (IMPRINT) | |
| Place of publication, distribution, etc. | London : |
| Name of publisher, distributor, etc. | National Society's Depository, |
| Date of publication, distribution, etc. | [?] |
| 300 ## - PHYSICAL DESCRIPTION | |
| Extent | xix, 429 p. |
| 650 #0 - SUBJECT ADDED ENTRY--TOPICAL TERM | |
| Topical term or geographic name as entry element | British |
| Geographic subdivision | Africa. |
| -- | 0000167988 |
| 651 #0 - SUBJECT ADDED ENTRY--GEOGRAPHIC NAME | |
| Geographic name | Great Britain |
| General subdivision | Colonies |
| Geographic subdivision | Africa. |
| -- | 0000161311 |
| 852 1# - LOCATION | |
| -- | p500 KES |
| 908 ## - PUT COMMAND PARAMETER (RLIN) | |
| Put command parameter | 090121 |
| 950 ## - LOCAL HOLDINGS (RLIN) | |
| -- | 1 |
| Withdrawn status | Lost status | Source of classification or shelving scheme | Not for loan | Home library | Current library | Date acquired | Total Checkouts | Full call number | Barcode | Date last seen | Price effective from | Koha item type |
|---|---|---|---|---|---|---|---|---|---|---|---|---|
| Library of Congress Classification | Kabarak, Main Campus | Kabarak, Main Campus | 17/12/2015 | DT1079 .J64 c. 1 | 16257 | 17/12/2015 | 17/12/2015 | Africana Collection |